Estudios sobre la vida y la obra de Ángel Ganivet (Record no. 17484)

MARC details
000 -LEADER
campo de control de longitud fija 00883nam a2200229 i 4500
001 - NÚMERO DE CONTROL
campo de control 17484
003 - IDENTIFICADOR DE NÚMERO DE CONTROL
campo de control ES-MaACL
005 - FECHA Y HORA DE LA ÚLTIMA TRANSACCIÓN
campo de control 20231122134045.0
007 - CAMPO FIJO DE DESCRIPCIÓN FÍSICA--INFORMACIÓN GENERAL
campo de control de longitud fija t|
008 - DATOS DE LONGITUD FIJA--INFORMACIÓN GENERAL
campo de control de longitud fija 010316s2000 sp ||||1| spa d
020 ## - NÚMERO INTERNACIONAL ESTÁNDAR DEL LIBRO
Número Internacional Estándar del Libro 84-7039-863-6
080 ## - NÚMERO DE LA CLASIFICACIÓN DECIMAL UNIVERSAL
Número de la Clasificación Decimal Universal 929 Ganivet, Angel (063)
080 ## - NÚMERO DE LA CLASIFICACIÓN DECIMAL UNIVERSAL
Número de la Clasificación Decimal Universal 821.134.2 Ganivet, Angel 1.06 (063)
245 00 - MENCIÓN DEL TÍTULO
Título Estudios sobre la vida y la obra de Ángel Ganivet
Resto del título : a propósito de las "Cartas finlandesas" /
Mención de responsabilidad, etc. edición de Mª Carmen Díaz de Alda Heikkilèa.
260 ## - PUBLICACIÓN, DISTRIBUCIÓN, ETC.
Lugar de publicación, distribución, etc. Madrid :
Nombre del editor, distribuidor, etc. Castalia,
Fecha de publicación, distribución, etc. [2000]
300 ## - DESCRIPCIÓN FÍSICA
Extensión 252 p. ;
Dimensiones 24 cm.
600 14 - PUNTO DE ACCESO ADICIONAL DE MATERIA--NOMBRE DE PERSONA
Nombre de persona Ganivet, Ángel,
Fechas asociadas al nombre 1865-1898-
Subdivisión de forma Congresos y asambleas
9 (RLIN) 53865
700 1# - ENTRADA AGREGADA--NOMBRE PERSONAL
Nombre de persona Díaz de Alda Heikkilä, Carmen.
9 (RLIN) 44211
711 2# - ENTRADA AGREGADA--NOMBRE DE REUNIÓN
Nombre de congreso/reunión o jurisdicción como elemento de entrada Congreso Internacional Finlandia y Ganivet : a propósito de las "Cartas finlandesas" (1898-1998) (
Fecha del congreso o de la firma del tratado 1998)
9 (RLIN) 468
852 ## - LOCALIZACIÓN
Ubicación ES-MaACL
Número de control de estantería L-24289
Holdings
Estatus retirado Estado de pérdida Estado de daño No para préstamo Biblioteca de origen Biblioteca actual Ubicación en estantería Fecha de adquisición Fuente de adquisición Total de préstamos Signatura topográfica completa Código de barras Visto por última vez Precio de reemplazo Tipo de ítem Koha
        Biblioteca del Ateneo de Madrid Biblioteca del Ateneo de Madrid Depósito 2 17/01/2008     L-24289 1017838 23/02/2023 23/02/2023 Libro impreso